| 000 | 00747cam a22002658a 4500 | ||
|---|---|---|---|
| 005 | 20260322212018.0 | ||
| 008 | data | ||
| 010 | _a 2008026738 | ||
| 020 | _a9780737741681 (hardcover) | ||
| 020 | _a0737741686 | ||
| 040 |
_aDLC _cDLC |
||
| 050 | 0 | 0 |
_aRC552.E18 _bE2821134 2009 |
| 082 | 0 | 0 |
_a616.85/26 _222 |
| 092 | _a616.85 E18 2009 | ||
| 245 | 0 | 0 |
_aEating disorders / _cedited by Lauri S. Friedman & Jennifer Skancke. |
| 260 |
_aDetroit : _bGreenhaven Press, _c2009. |
||
| 263 | _a0811 | ||
| 300 | _ap. cm. | ||
| 490 | 0 | _aIntroducing issues with opposing viewpoints | |
| 504 | _aIncludes bibliographical references and index. | ||
| 650 | 0 | _aEating disorders. | |
| 700 | 1 | _aFriedman, Lauri S. | |
| 700 | 1 | _aSkancke, Jennifer. | |
| 001 | data | ||
| 999 |
_c386 _d386 |
||